00849nam a22002417a 450000500170000001000130001702000230003003500130005303700160006604000120008208200150009410000290010924500860013826000530022427000580027730000250033550000190036065000240037965000270040394200240043099900190045495201340047320170124110216.0 aA-852810 c525.00a8121506808 aA-852810 bCen Lib/Ret aDPLbEN a792.8bRAN aRangacharya, Adya924535 aThe Natyasastra :cby Adya Rangacharyabenglish translation with critical notes / aNew DelhibMunshiram Manoharlal Publishersc1996 aPost Box 5715, 54 Rani Jhansi RoadbNew Delhie110055 axxv,391p. c22cm(Hb) aIncludes index aMusic theory939176 aSanskrit drama9111046 2ddccENh729.8mRAN c133885d133885 001040718REFaLbLd2015-07-28eCen Lib/Ret g525.00l0o792.8 RANpA-852810r2015-07-28 00:00:00t1v525.00w2015-07-28yEN